000 00554cam a2200145 4500500
005 20251012032551.0
041 _afre
042 _adc
100 1 0 _aSesé, Bernard
_eauthor
245 0 0 _aArthur Schnitzler, La Pénombre des âmes, Nouvelles, traduites de l’allemand par Dominique Auclères, Stock, Bibliothèque cosmopolite, 2000, 303 pages.
260 _c2005.
500 _a46
786 0 _nSigila | 16 | 2 | 2005-12-20 | p. 218-219 | 1286-1715
856 4 1 _uhttps://shs.cairn.info/revue-sigila-2005-2-page-218?lang=fr&redirect-ssocas=7080
999 _c1547672
_d1547672